000 00645cam a2200205 4500500
005 20260405001645.0
041 _afre
042 _adc
100 1 0 _aPortevin, Catherine
_eauthor
245 0 0 _aConjurer la peur. Sienne, 1338 - essai sur la force politique des images
260 _c2013.
500 _a73
690 _aImage
690 _aPatrick Boucheron
690 _aPolitique
690 _aReprésentation
690 _aSienne
786 0 _nPhilosophie magazine | 75 | 12 | 2013-12-01 | p. 54-55 | 1951-1787
856 4 1 _uhttps://shs.cairn.info/magazine-philosophie-magazine-2013-12-page-54?lang=fr&redirect-ssocas=7080
999 _c2049766
_d2049766